Country Shapes in the Map of Europe #4 - Statistics

General Stats
  • This quiz has been taken 6,505 times
  • The average score is 10 of 10
Answers on the Map
Answers color-coded by a green-red scale on the quiz's map according to % correct below.
 
Answer Stats
Answer % Correct
Iceland
100%
Belgium
99%
Ukraine
99%
Estonia
98%
Czech Republic
97%
Lithuania
97%
Bosnia and
Herzegovina
96%
Hungary
96%
Albania
95%
Bulgaria
95%
No matching quizzes found
Score Distribution
Percent of People with Each Score
Percentile by Number Answered
Your Score History
You have not taken this quiz